ශ්‍රී ලංකාවේ මුස්ලිම්වරුන්ගේ සංගීත හා ගීත සම්ප්‍ර‍දායන් : (Record no. 4449)

MARC details
000 -LEADER
fixed length control field 00944nam a2200193 4500
003 - CONTROL NUMBER IDENTIFIER
control field LK-CoMWRAF
005 - DATE AND TIME OF LATEST TRANSACTION
control field 20231214132128.0
008 - FIXED-LENGTH DATA ELEMENTS--GENERAL INFORMATION
fixed length control field 231214b |||||||| |||| 00| 0 eng d
020 ## - INTERNATIONAL STANDARD BOOK NUMBER
International Standard Book Number 9786245502073
040 ## - CATALOGING SOURCE
Original cataloging agency LK-CoMWRAF
Modifying agency LK-CoMWRAF
Description conventions LK-CoMWRAF
041 ## - LANGUAGE CODE
Language code of text/sound track or separate title Sinhala; Sinhalese
082 ## - DEWEY DECIMAL CLASSIFICATION NUMBER
Classification number 780
Item number WAN
942 ## - ADDED ENTRY ELEMENTS (KOHA)
Koha item type Books
100 ## - MAIN ENTRY--PERSONAL NAME
Personal name වන්නියසිංකම්, නදීන්
245 ## - TITLE STATEMENT
Title ශ්‍රී ලංකාවේ මුස්ලිම්වරුන්ගේ සංගීත හා ගීත සම්ප්‍ර‍දායන් :
Remainder of title දළ විශ්ලේෂණයක්
246 ## - VARYING FORM OF TITLE
Title proper/short title Sri Lankawe muslimwarunge sangeetha ha geetha sampradayan : Dala wishleshanayak
260 ## - PUBLICATION, DISTRIBUTION, ETC. (IMPRINT)
Place of publication, distribution, etc. කොළඹ :
Name of publisher, distributor, etc. ජනවාර් ගික අධ්‍යනය සඳහාවූ ජාත්‍යන්තර කේන්ද්‍ර‍ය
Date of publication, distribution, etc. 2021
650 ## - SUBJECT ADDED ENTRY--TOPICAL TERM
Topical term or geographic name as entry element මුස්ලිම් ගීත සම්ප්‍ර‍දායන්
Holdings
Withdrawn status Lost status Damaged status Not for loan Permanent Location Current Location Date acquired Full call number Barcode Koha item type
        Resource center, Muslim Women's Research And Action Forum Resource center, Muslim Women's Research And Action Forum 2023-12-14 780 WAN RAF4831 Books

Copyright © 2023 Muslim Women's Research and Action Forum (MWRAF), No 27/3, Anderson Road, Kalubowila, Dehiwela. Funded by The Asia Fundation